Подробности
| 000 -МАРКЕР |
| контрольное поле |
02959nam0a2200457 4500 |
| 001 - ИДЕНТИФИКАТОР ЗАПИСИ |
| контрольное поле |
RU\NLR\bibl\1366171 |
| 005 - ИДЕНТИФИКАТОР ВЕРСИИ |
| контрольное поле |
20260406071721.0 |
| 010 ## - МЕЖДУНАРОДНЫЙ СТАНДАРТНЫЙ НОМЕР КНИГИ (ISBN) |
| Номер (ISBN) |
978-5-91460-005-8 |
| Тираж |
1000 |
| 021 ## - НОМЕР ГОСУДАРСТВЕННОЙ РЕГИСТРАЦИИ |
| Код страны |
Российская Федерация |
| Номер |
2008-4649 |
| Номер Листа государственной регистраци |
249 |
| 035 ## - ДРУГИЕ СИСТЕМНЫЕ НОМЕРА |
| Идентификатор записи |
(NLR Aleph) 001358326 |
| 100 ## - ДАННЫЕ ОБЩЕЙ ОБРАБОТКИ |
| Данные общей обработки |
20090506d2008 |||y0rusy50 ca |
| 101 0# - ЯЗЫК РЕСУРСА |
| Язык текста, звукозаписи и т.д. |
русский |
| 102 ## - СТРАНА ПУБЛИКАЦИИ ИЛИ ПРОИЗВОДСТВА |
| Страна публикации |
Российская Федерация |
| 105 ## - ПОЛЕ КОДИРОВАННЫХ ДАННЫХ: ТЕКСТОВЫЕ МАТЕРИАЛЫ, МОНОГРАФИЧЕСКИЕ |
| Кодированные данные о монографическом текстовом документе |
a ||||||||| |
| 200 1# - ЗАГЛАВИЕ И СВЕДЕНИЯ ОБ ОТВЕТСТВЕННОСТИ |
| Основное заглавие |
Корпоративные ценные бумаги как инструмент инвестиционной привлекательности компаний |
| Параллельное заглавие |
Corporate securities as the tool of investment appeal of the company |
| Первые сведения об ответственности |
А. Н. Асаул, М. П. Войнаренко, Н. А. Пономарева, Р. А. Фалтинский |
| Последующие сведения об ответственности |
под ред. заслуж. строителя РФ, д. э. н., проф. А. Н. Асаула |
| -- |
Ин-т проблем экон. возрождения [и др.] |
| Язык параллельного заглавия |
английский |
| 210 ## - ПУБЛИКАЦИЯ, РАСПРОСТРАНЕНИЕ И ДР. |
| Место издания, распространения и т.д. |
Санкт-Петербург |
| Имя издателя, распространителя и т. д. |
ИПЭВ |
| Дата издания, распространения и т.д. |
2008 |
| 215 ## - ФИЗИЧЕСКАЯ ХАРАКТЕРИСТИКА |
| Специфическое обозначение материала и объем |
283, [4] с. |
| Другие сведения о физической характеристике |
ил., портр. |
| Размеры |
24 |
| 225 1# - СЕРИЯ |
| Основное заглавие серии |
Экономическое возрождение России |
| Сведения, относящиеся к заглавию |
серия изданий |
| Обозначение тома |
27 |
| 300 ## - ОБЩИЕ ПРИМЕЧАНИЯ |
| Текст примечания |
Авт. также на англ. яз.: A. N. Asaul, M. P. Voynarenko, N. A. Ponomareva, R. A. Faltinsky |
| 300 ## - ОБЩИЕ ПРИМЕЧАНИЯ |
| Текст примечания |
В конце кн. авт.: Асаул А. Н. - д. э. н., проф., заслуж. строитель, Войнаренко М. П. - д. э. н., проф., Пономарева Н. А. - к. э. н., доц., Фалтинский Р.А. - д. э. н., проф. |
| 300 ## - ОБЩИЕ ПРИМЕЧАНИЯ |
| Текст примечания |
В надзаг. также: С.-Петерб. гос. арх.-строит. ун-т, Хмельниц. нац. ун-т |
| 300 ## - ОБЩИЕ ПРИМЕЧАНИЯ |
| Текст примечания |
Посвящ. 175-летию СПбГАСУ |
| 316 ## - ПРИМЕЧАНИЯ ОБ ОСОБЕННОСТЯХ ЭКЗЕМПЛЯРА |
| Текст примечания |
С автогр. А. Н. Асаула |
| Организация и экземпляр, к которому относится поле |
NLR: 2009-7/2803 |
| 320 ## - ПРИМЕЧАНИЯ О НАЛИЧИИ В ДОКУМЕНТЕ БИБЛИОГРАФИИ / УКАЗАТЕЛЯ |
| Текст примечания |
Библиогр. в подстроч. примеч. |
| 320 ## - ПРИМЕЧАНИЯ О НАЛИЧИИ В ДОКУМЕНТЕ БИБЛИОГРАФИИ / УКАЗАТЕЛЯ |
| Текст примечания |
Др. кн. 1-го авт. в тексте предисл. |
| 510 1# - ПАРАЛЛЕЛЬНОЕ ЗАГЛАВИЕ |
| Параллельное заглавие |
Corporate securities as the tool of investment appeal of the company |
| Язык заглавия |
английский |
| 606 1# - НАИМЕНОВАНИЕ ТЕМЫ КАК ПРЕДМЕТ |
| Наименование темы |
Ценные бумаги |
| Географический подзаголовок |
Российская Федерация |
| Системный номер авторитетной/нормативной записи |
2109791 |
| Идентификатор авторитетной/нормативной записи |
RU\NLR\auth\661275168 |
| 606 1# - НАИМЕНОВАНИЕ ТЕМЫ КАК ПРЕДМЕТ |
| Наименование темы |
Ценные бумаги |
| Тематический подзаголовок |
Рынки |
| Географический подзаголовок |
Российская Федерация |
| Системный номер авторитетной/нормативной записи |
2121921 |
| Идентификатор авторитетной/нормативной записи |
RU\NLR\auth\661281220 |
| 686 ## - ИНДЕКСЫ ДРУГИХ КЛАССИФИКАЦИЙ |
| Индекс |
У26(2)229.2 |
| 686 ## - ИНДЕКСЫ ДРУГИХ КЛАССИФИКАЦИЙ |
| Индекс |
У26(2)229.5 |
| 701 #1 - ИМЯ ЛИЦА - АЛЬТЕРНАТИВНАЯ ОТВЕТСТВЕННОСТЬ |
| Код отношения |
Автор |
| Материалы, к которым относится поле |
rus |
| Графика поля |
Кириллица |
| Начальный элемент ввода |
Асаул |
| Часть имени, кроме начального элемента ввода |
А.Н. |
| Дополнения к именам, кроме дат |
д-р экон. наук |
| Даты |
1948- |
| Расширение инициалов личного имени |
Анатолий Николаевич |
| Идентификатор авторитетной/нормативной записи |
RU\NLR\auth\7728688 |
| Системный номер авторитетной/нормативной записи |
11719 |
| 701 #1 - ИМЯ ЛИЦА - АЛЬТЕРНАТИВНАЯ ОТВЕТСТВЕННОСТЬ |
| Начальный элемент ввода |
Войнаренко |
| Часть имени, кроме начального элемента ввода |
М. П. |
| Даты |
1950- |
| Расширение инициалов личного имени |
Михаил Петрович |
| Код отношения |
Автор |
| 701 #1 - ИМЯ ЛИЦА - АЛЬТЕРНАТИВНАЯ ОТВЕТСТВЕННОСТЬ |
| Начальный элемент ввода |
Пономарева |
| Часть имени, кроме начального элемента ввода |
Н. А. |
| Даты |
1977- |
| Расширение инициалов личного имени |
Наталия Анатольевна |
| Код отношения |
Автор |
| 701 #1 - ИМЯ ЛИЦА - АЛЬТЕРНАТИВНАЯ ОТВЕТСТВЕННОСТЬ |
| Код отношения |
Автор |
| Графика поля |
Кириллица |
| Материалы, к которым относится поле |
rus |
| Начальный элемент ввода |
Фалтинский |
| Часть имени, кроме начального элемента ввода |
Р. А. |
| Даты |
1970- |
| Расширение инициалов личного имени |
Рудольф Антонович |
| Системный номер авторитетной/нормативной записи |
187366 |
| Идентификатор авторитетной/нормативной записи |
RU\NLR\AUTH\770187417 |
| 801 #0 - ИСТОЧНИК ЗАПИСИ |
| Страна |
Российская Федерация |
| Организация |
NLR |
| Дата составления |
20090506 |
| Правила каталогизации |
RCR |
| 801 #1 - ИСТОЧНИК ЗАПИСИ |
| Страна |
Российская Федерация |
| Организация |
NLR |
| Дата составления |
20090506 |
| 942 ## - ДОПОЛНИТЕЛЬНЫЕ ЭЛЕМЕНТЫ ЗАПИСИ (АБИС) |
| Тип экземпляра АБИС |
Книга |
| 980 ## - КОЛЛЕКЦИЯ |
| Название коллекции |
Национальная библиография |